Pays contenant la lettre A trois fois dans le nom - Statistiques

Statistiques générales
  • Ce quiz a été pris 230 fois
  • Le résultat moyen est 8 sur 11
Statistiques - réponses
Pays % Correct
Panama
90%
Canada
87%
Kazakhstan
82%
Paraguay
81%
Afghanistan
78%
Guatemala
73%
Nicaragua
72%
Arabie Saoudite
70%
Azerbaïdjan
62%
Bahamas
60%
Émirats arabes unis
59%
Aucun quiz correspondant
Distribution des résultats
% des personnes avec chaque résultat
Percentile par nombre de réponses
Votre historique - résultats
Vous n’avez pas pris ce quiz